Exploration of the properties of a method to construct a trade-space of system life-cycle cost with reliability and maintainability requirements /
Saved in:
| Main Author: | |
|---|---|
| Format: | Thesis |
| Language: | English |
| Published: |
Adelaide :
School of Engineering, Division of Information Technology Engineering and the Environment), University of South Australia,
2018
|
| Subjects: | |
| Tags: |
Add Tag
No Tags, Be the first to tag this record!
|
| LEADER | 011230000a22002290004500 | ||
|---|---|---|---|
| 008 | 190808s2018 at a g m 000 0 eng d | ||
| 040 | |a UIAM |b eng |e rda | ||
| 050 | 0 | |a QA76.9.S88 | |
| 100 | 0 | |a Nadirah Binti Abdul Rahim, |e author | |
| 245 | 1 | 0 | |a Exploration of the properties of a method to construct a trade-space of system life-cycle cost with reliability and maintainability requirements / |c Nadirah binti Abdul Rahim |
| 264 | 4 | |a Adelaide : |b School of Engineering, Division of Information Technology Engineering and the Environment), University of South Australia, |c 2018 | |
| 300 | |a xiii, 190 pages : |b illusrations ; |c 30 cm. | ||
| 336 | |2 rdacontent |a text | ||
| 337 | |2 rdamedia |a unmediated | ||
| 338 | |2 rdacarrier |a volume | ||
| 502 | |a Thesis (Ph.D.)--University of South Australia, 2018. | ||
| 504 | |a Includes bibliographical references (leaves 143-150). | ||
| 596 | |a 1 | ||
| 655 | 0 | 7 | |a Theses, IIUM foreign |
| 900 | |a oc-sm-zam-mab-ahm | ||
| 999 | |c 440866 |d 473421 | ||
| 952 | |0 0 |6 T QA 000076.9 S88 N136E 2018 |7 0 |8 THESES |9 762378 |a IIUM |b IIUM |c MULTIMEDIA |g 0.00 |o t QA 76.9 S88 N136E 2018 |p 11100405977 |r 2019-09-11 |t 1 |v 0.00 |y THESIS | ||
